| 000 | 00711nam a22002297a 4500 | ||
|---|---|---|---|
| 003 | DO-SdBNP | ||
| 005 | 20220623102942.0 | ||
| 007 | ta | ||
| 008 | 220623b2017 dr a|||| |||| 00| 0 spa d | ||
| 020 | _a9789945009811 | ||
| 040 |
_aDO-SdBNP _bspa _cBNPHU |
||
| 082 | 4 | _222 | |
| 100 | 1 |
_aUribe V., Servio Antonio _981911 |
|
| 245 | 1 | 3 |
_aLa patria en el teatro : _bseis ensayos históricos / _cServio Antonio Uribe V. ; prólogo Yarimar Uribe |
| 260 |
_aSanto Domingo : _bBúho, _c2017. |
||
| 300 |
_a114 p. ; _c22 cm. |
||
| 500 | _aIncluye datos biográficos del autor en las solapas | ||
| 590 | _aInventariado, 2022/BT | ||
| 700 |
_aUribe, Yarimar, _epról. _981912 |
||
| 910 | _aBtavárez | ||
| 942 |
_2ddc _cLBS1 |
||
| 999 |
_c52102 _d52102 |
||